| 000 | 01787nam2a2200361 4500 | ||
|---|---|---|---|
| 001 | RU\NLR\bibl\181480 | ||
| 005 | 20250618063012.0 | ||
| 010 |
_a5-7295-0043-2 _9170 |
||
| 021 |
_aRU _b2001-3651 _9185 |
||
| 035 | _a(NLR Aleph) 000178149 | ||
| 090 |
_a1028015 _c1028015 |
||
| 100 | _a20010326d2000 |||y0rusy50 ca | ||
| 101 | 0 | _arus | |
| 102 | _aRU | ||
| 105 | _aa ||||||||| | ||
| 200 | 1 | _aПереходные процессы в электрических цепях | |
| 210 |
_d2000 _aБ. м. |
||
| 215 |
_a82 с. _cил. |
||
| 320 | _aБиблиогр.: с. 80 (13 назв.) | ||
| 461 | 0 |
_1001RU\NLR\bibl\186160 _12001#$aОсновы радиотехники и электроники$vЧ. 9 _91055177 _aБогачев, Г. В. _cОрел _d2000 _fГ.В. Богачев, В.А. Пименов, Ю.И. Шароваров _nАкад. ФАПСИ _oКурс лекций : [По спец. 200900, 200100, 201100, 201800] _tОсновы радиотехники и электроники _vЧ. 9 |
|
| 606 | 0 |
_aРадиотехнические цепи _jРуководства, пособия и т.п. для высшей школы _xПереходные процессы _92044345 _3RU\NLR\auth\66942651 |
|
| 606 | 0 |
_aРадиотехнические цепи _jУчебные издания для высшей школы _xПереходные процессы _92044345 _3RU\NLR\auth\66942651 |
|
| 610 | 0 | _aЭлектрические цепи - переходные процессы | |
| 675 |
_a621.37/.39(075.8) _v3 _zrus |
||
| 686 |
_a47 _2rugasnti |
||
| 686 |
_a32я73 _2rubbk |
||
| 686 | _aЗ841-016.22я73-2 | ||
| 801 | 0 |
_aRU _bRKP _c20010326 _gPSBO |
|
| 801 | 1 |
_aRU _bRKP _c20010326 |
|
| 801 | 2 |
_aRU _bNLR _c20011010 _grcr |
|
| 942 | _cBOOK | ||
| 980 | _aNB | ||